Estado actual de la industria de la construcción

Uloženo v:
Podrobná bibliografie
Korporativní autor: Costa Rica. Oficina de Planificación Nacional y Política Económica
Médium: Text
Vydáno: San José: OFIPLAN
Tagy: Přidat tag
Žádné tagy, Buďte první, kdo vytvoří štítek k tomuto záznamu!

MARC

LEADER 00000 a a2200000 04500
001 17417
003
040 |a CRAI/IIS  |c CRAI/IIS 
090 |a 020100  
110 |a Costa Rica. Oficina de Planificación Nacional y Política Económica  
245 |a Estado actual de la industria de la construcción  
260 |a San José:   |b OFIPLAN  
300 |a 21 p.  
999 |c 12822  |d 12822